00471 a2200145 4500020001500000040001300015100001600028245005100044250001200095260003200107300003400139500010000173650003600273700001600309 a1846280346 aDLCbDLC1 aVince, John10aMathematics for computer graphicscJohn Vince. a2nd ed. aLondon :bSpringer,cc2006. axiv, 248 p. :bill. ;c24 cm. aPrevious ed. published under the title: Essential mathematics for computer graphics fast. 2001. 0aComputer graphicsxMathematics.1 aVince, John